<?xml version="1.0" encoding="UTF-8"?>
<record
    xmlns:xsi="http://www.w3.org/2001/XMLSchema-instance"
    xsi:schemaLocation="http://www.loc.gov/MARC21/slim http://www.loc.gov/standards/marcxml/schema/MARC21slim.xsd"
    xmlns="http://www.loc.gov/MARC21/slim">

  <leader>01614nam a2200301   4500</leader>
  <controlfield tag="001">437</controlfield>
  <controlfield tag="003">OSt</controlfield>
  <controlfield tag="005">20250627135946.0</controlfield>
  <controlfield tag="008">250627b        |||||||g |||| 00| 0 eng d</controlfield>
  <datafield tag="020" ind1=" " ind2=" ">
    <subfield code="a">9788573287301</subfield>
  </datafield>
  <datafield tag="040" ind1=" " ind2=" ">
    <subfield code="b">por</subfield>
  </datafield>
  <datafield tag="041" ind1=" " ind2=" ">
    <subfield code="a">por</subfield>
    <subfield code="h">fre</subfield>
  </datafield>
  <datafield tag="082" ind1=" " ind2=" ">
    <subfield code="a">133.9</subfield>
    <subfield code="b">K18e</subfield>
  </datafield>
  <datafield tag="100" ind1="1" ind2=" ">
    <subfield code="a">Kardec, Alan</subfield>
    <subfield code="d">1804- 1869</subfield>
    <subfield code="9">957</subfield>
  </datafield>
  <datafield tag="240" ind1=" " ind2=" ">
    <subfield code="a">L'&#xC9;vangile selon le Spiritisme"</subfield>
  </datafield>
  <datafield tag="245" ind1=" " ind2=" ">
    <subfield code="a">O Evangelho Segundo o Espiritismo /</subfield>
    <subfield code="c">Kardec, Alan ; Tradu&#xE7;&#xE3;o de Guilion Ribeiro</subfield>
  </datafield>
  <datafield tag="250" ind1=" " ind2=" ">
    <subfield code="a">131 ed.</subfield>
  </datafield>
  <datafield tag="260" ind1=" " ind2=" ">
    <subfield code="a">Bras&#xED;lia </subfield>
    <subfield code="b">FEB</subfield>
    <subfield code="c">2013</subfield>
  </datafield>
  <datafield tag="300" ind1=" " ind2=" ">
    <subfield code="a">410 p.</subfield>
  </datafield>
  <datafield tag="520" ind1=" " ind2=" ">
    <subfield code="a">Parte do conjunto de cinco livros que comp&#xF5;em a Codifica&#xE7;&#xE3;o Esp&#xED;rita, O evangelho segundo o espiritismo cont&#xE9;m a ess&#xEA;ncia do ensino moral de Jesus e serve de abrigo para os adeptos de todas as religi&#xF5;es &#x2013; e mesmo os que n&#xE3;o t&#xEA;m religi&#xE3;o &#x2013; como um roteiro seguro para a reforma &#xED;ntima, meta indispens&#xE1;vel, segundo Cristo, para se alcan&#xE7;ar a paz interior. A obra &#xE9; uma grande ferramenta para conhecer, observar e seguir as Leis divinas, que proporcionam uma caminhada gradual e evolutiva do Esp&#xED;rito rumo a Deus.

Esta vers&#xE3;o do conjunto de ensinamentos transmitidos por Esp&#xED;ritos superiores, organizados e comentados por Allan Kardec, conta com a tradicional tradu&#xE7;&#xE3;o de Guillon Ribeiro, presidente da Federa&#xE7;&#xE3;o Esp&#xED;rita Brasileira por duas vezes, entre os anos de 1920 e 1943.</subfield>
  </datafield>
  <datafield tag="650" ind1=" " ind2="0">
    <subfield code="a">Espiritismo</subfield>
    <subfield code="9">958</subfield>
  </datafield>
  <datafield tag="650" ind1=" " ind2="0">
    <subfield code="a">Mediunidade</subfield>
    <subfield code="9">166</subfield>
  </datafield>
  <datafield tag="650" ind1=" " ind2="0">
    <subfield code="a">Allan Kardec</subfield>
    <subfield code="9">959</subfield>
  </datafield>
  <datafield tag="650" ind1=" " ind2="0">
    <subfield code="a">Evangelho e Espiritismo</subfield>
    <subfield code="9">960</subfield>
  </datafield>
  <datafield tag="655" ind1=" " ind2="0">
    <subfield code="a">Romance</subfield>
    <subfield code="9">23</subfield>
  </datafield>
  <datafield tag="700" ind1=" " ind2=" ">
    <subfield code="a">Guilion Ribeiro</subfield>
    <subfield code="e">TRADUTOR</subfield>
    <subfield code="9">961</subfield>
  </datafield>
  <datafield tag="942" ind1=" " ind2=" ">
    <subfield code="2">ddc</subfield>
    <subfield code="n">0</subfield>
    <subfield code="c">BK</subfield>
  </datafield>
  <datafield tag="952" ind1=" " ind2=" ">
    <subfield code="0">0</subfield>
    <subfield code="1">0</subfield>
    <subfield code="2">ddc</subfield>
    <subfield code="4">0</subfield>
    <subfield code="7">0</subfield>
    <subfield code="8">NFIC</subfield>
    <subfield code="a">BIBIB</subfield>
    <subfield code="b">BIBIB</subfield>
    <subfield code="c">ESP</subfield>
    <subfield code="d">2025-06-27</subfield>
    <subfield code="e">doa&#xE7;&#xE3;o</subfield>
    <subfield code="l">0</subfield>
    <subfield code="o">133.9 / K18e</subfield>
    <subfield code="p">2025-17367</subfield>
    <subfield code="r">2025-06-27 13:55:57</subfield>
    <subfield code="w">2025-06-27</subfield>
    <subfield code="y">BK</subfield>
  </datafield>
  <datafield tag="999" ind1=" " ind2=" ">
    <subfield code="c">437</subfield>
    <subfield code="d">437</subfield>
  </datafield>
</record>
